000 00451nam a2200181 a 4500
001 10214
005 20180713194252.0
008 140415s1960 sp 000 0 spa d
041 _aspa
082 _a630
_bDAN
100 1 _aDANTIN CERECEDA, JUAN
245 1 4 _aLAS PLANTAS CULTIVADAS
250 _a1a ed.
260 _aESPAÑA :
_bESPASA-CALPE,
_c1960
300 _a94
490 _aLIBROS DE LA NATURALEZA
650 1 4 _aPLANTAS
999 _c10214
_d10214